• 首页
  • 本馆介绍
  • 公告通知
  • 最新文献
  • 馆藏检索
  • 电子资源
  • 读者导购
  • 参考咨询
  • 我的图书馆
  • 登录
  • 详细信息显示
  • 放入我的书架
  • 预约/预借图书
  • 作者相关作品
  • 分类相关作品
  • 丛书相关作品
  • 出版社相关作品

书目信息

  • 表格格式
  • 工作单格式
  • 卡片格式
题名:
初中必刷题
    
 
作者: 杨文彬 主编
分册: 上册   生物
出版信息: 北京   开明出版社  2024
页数: 75页
开本: 30cm
丛书名:
单 册:
中图分类: G634 , G634.915
科图分类:
主题词: 生物课--初中--习题集
电子资源:
ISBN: 978-7-5131-6808-3
000 00704nam0 2200229 450
001 012024000336
005 20241118232520.0
010    @a978-7-5131-6808-3@dCNY45.80
100    @a20241118d2024 demy0chiy50 ea
101 0  @achi
102    @aCN@b110000
105    @aa q 000yy
106    @ar
200 1  @a初中必刷题@Achu zhong bi shua ti@i生物@i八年级@h上册@f杨文彬主编
210    @a北京@c开明出版社@d2024
215    @a75页@c图@d30cm@e1狂K重点(46页)@e1答案(56页)
606 0  @a生物课@x初中@j习题集
690    @aG634@v5
690    @aG634.915@v5
701  0 @a杨文彬@Ayang wen bin@4主编
801  0 @aCN@bAHXH@c20241118
905    @b214191471@b214191480@b214191499@b214191505@b214191514@dG634@e5225@f5
    
    初中必刷题.生物.八年级.上册/杨文彬主编.-北京:开明出版社,2024
    75页:图;30cm+1狂K重点(46页)+1答案(56页)
    
    
    ISBN 978-7-5131-6808-3:CNY45.80
    
●
相关链接 在E读中查询图书 在五车中查询图书 在当当中查询图书 在豆瓣中查询图书


正题名:初中必刷题     索取号:G634/5225         预约/预借

序号 登录号 条形码 馆藏地/架位号 状态 备注
1 1419147   214191471   第一样本阅览室/ [索取号:G634/5225] 在馆    
2 1419148   214191480   第四借阅区/ [索取号:G634/5225] 在馆    
3 1419149   214191499   第四借阅区/ [索取号:G634/5225] 在馆    
4 1419150   214191505   第四借阅区/ [索取号:G634/5225] 在馆    
5 1419151   214191514   第四借阅区/ [索取号:G634/5225] 在馆    
唐山师范学院图书馆 欢迎您!
大连网信软件有限公司© 版权所有